Les territoires d'outre-mer des pays européens - Statistiques

Statistiques générales
  • Ce quiz a été pris 190 fois
  • Le résultat moyen est 22 sur 35
Statistiques - réponses
Pays Territoires % Correct
France Guadeloupe
100%
France Martinique
97%
France La Réunion
93%
France Mayotte
92%
France Guyane
86%
France Nouvelle-Calédonie
86%
France Saint-Martin
84%
Pays-bas Saint-Martin
84%
France Polynésie française
82%
Danemark Groenland
80%
Espagne Îles Canaries
78%
France Saint-Barthélémy
76%
France Saint-Pierre-et-Miquelon
75%
France Wallis-et-Futuna
71%
Pays-bas Curaçao
67%
Portugal Açores
66%
Portugal Madère
65%
Pays-bas Aruba
62%
Danemark Îles Féroé
62%
Royaume-Uni Îles Vierges britanniques
61%
Espagne Ceuta
54%
Royaume-Uni Gibraltar
52%
Royaume-Uni Îles Malouines
52%
Norvège Svalbard
46%
Royaume-Uni Bermudes
45%
Pays-bas Bonaire
44%
Espagne Melilla
44%
Royaume-Uni Montserrat
44%
Royaume-Uni Anguilla
43%
Royaume-Uni Îles Caïmans
42%
Royaume-Uni Îles Turques-et-Caïques
32%
Pays-bas Saint-Eustache
32%
Pays-bas Saba
31%
Royaume-Uni Sainte-Hélène, Ascension et Tristan da Cunha
30%
Royaume-Uni Pitcairn
29%
Aucun quiz correspondant
Distribution des résultats
% des personnes avec chaque résultat
Percentile par nombre de réponses
Votre historique - résultats
Vous n’avez pas pris ce quiz